Office work in Kansas City, 1940.

Saved in:
Bibliographic Details
Corporate Author: United States. Women's Bureau.
Format: Book
Language:English
Published: Washington, D.C. : U.S. G.P.O., 1942.
Series:Bulletin (United States. Women's Bureau) ; 188-3.
Subjects:
Tags: Add Tag
No Tags, Be the first to tag this record!
LEADER 00784cam a2200241La 4500
001 007609044-2
005 20070220165057.0
008 950105s1942 dcu f000 0 eng d
035 0 |a ocn786329851 
035 0 |a ocm31823459 
040 |a TEU  |c TEU  |d HLS  |d HMM 
043 |a n-us-mo 
245 0 0 |a Office work in Kansas City, 1940. 
260 |a Washington, D.C. :  |b U.S. G.P.O.,  |c 1942. 
300 |a iv, 74 p. ;  |c 24 cm. 
490 1 |a Bulletin of the Women's Bureau ;  |v no. 188-3 
500 |a At head of title: United States Dept. of Labor, Women's Bureau. 
650 0 |a Clerks  |z Missouri  |z Kansas City. 
650 0 |a Wages  |z Missouri  |z Kansas City. 
710 1 |a United States.  |b Women's Bureau. 
830 0 |a Bulletin (United States. Women's Bureau) ;  |v 188-3. 
988 |a 20020608 
906 |0 OCLC